000 00421nam a2200157Ia 4500
008 230711s9999||||xx |||||||||||||| ||und||
041 _aENG
082 _a621
_bEL-C
100 _aMunoz,Mary Ellen   
245 0 _aCliffs : TOEFL : preparation guide
250 _a1st . Ed.
260 _c2002
_aNew Delhi
_bWiley Eastern Limited
650 _aLibrary and Information Science
700 _aPyle,Michael A.
942 _cBK
999 _c4119
_d4119